| 000 | 01059nas a2200265 4500 | ||
|---|---|---|---|
| 001 | BR9200879 | ||
| 003 | BR-BrBNA | ||
| 005 | 20231205092323.0 | ||
| 007 | ta | ||
| 008 | 230509b bl.|||p| |||| 00| 00por d | ||
| 040 |
_aBR-BrBNA _bpor _cBiblioteca Nacional de Agricultura |
||
| 041 | _a(Pt) | ||
| 072 | _aF63 | ||
| 100 | 1 | _aDequech, S.T.B. | |
| 100 | 1 | _aBecker, M. | |
| 245 | 1 | _aPolinizacao de alfafa (Medicago sativa L.). 2: avaliacao da eficiencia de Apis mellifera L. (Hymenoptera, Apidae)como especie polinizadora, a partir da analise do polen presente nas abelhas | |
| 246 | 1 | _aAlfafa pollination (Medicago sativa L.). 2: assessment of the efficiency of Apis mellifera L. (Hymenoptera, Apidae)as a pollinator based on an analysis of the pollen present in bees | |
| 650 | _aALFAFA | ||
| 650 | _aABELHA | ||
| 650 | _aPOLEN | ||
| 650 | _aPOLINIZACAO | ||
| 773 | 0 |
_tAnais da Sociedade Entomologica do Brasil (Brazil) _xISSN 0301-8059 _g(1990), v. 19(2) p. 437-444 _wBR9200879 |
|
| 909 |
_a202311 _bLúcia _c55 _dLúcia Elande |
||
| 942 |
_2AGRIS _n0 _cANA |
||
| 999 |
_c130907 _d130907 |
||